Netherlands World Cup Squad 2010 - Statistics

General Stats
  • This quiz has been taken 388 times
  • The average score is 13 of 23
Answer Stats
Number Pos. Club Player % Correct
11. FW Bayern Munich (GER) Arjen Robben
98%
9. FW Arsenal (ENG) Robin van Persie
97%
10. MF Internazionale (ITA) Wesley Sneijder
95%
7. FW Liverpool (ENG) Dirk Kuyt
89%
1. GK Ajax Maarten Stekelenburg
85%
8. MF Manchester City (ENG) Nigel de Jong
83%
5. (C) DF Feyenoord Giovanni van Bronckhorst
79%
6. MF Bayern Munich (GER) Mark van Bommel
75%
23. MF Real Madrid (SPA) Rafael van der Vaart
74%
3. DF Everton (ENG) John Heitinga
70%
21. FW Milan (ITA) Klaas-Jan Huntelaar
65%
2. DF Ajax Gregory van der Wiel
52%
4. DF Hamburger SV (GER) Joris Mathijsen
52%
19. FW Liverpool (ENG) Ryan Babel
52%
16. GK Utrecht Michel Vorm
42%
17. FW Hamburger SV (GER) Eljero Elia
40%
13. DF PSV Eindhoven André Ooijer
35%
12. DF VfB Stuttgart Khalid Boulahrouz
30%
22. GK Twente Sander Boschker
25%
20. MF PSV Eindhoven Ibrahim Afellay
24%
15. DF Celtic (SCO) Edson Braafheid
22%
14. MF Ajax Demy de Zeeuw
21%
18. MF AZ Stijn Schaars
18%
No matching quizzes found
Score Distribution
Percent of People with Each Score
Percentile by Number Answered
Your Score History
You have not taken this quiz